Electricity and magnetism for JEE main and advanced / (Record no. 169143)

MARC details
000 -LEADER
fixed length control field 00579nam a2200181 4500
005 - DATE AND TIME OF LATEST TRANSACTION
control field 20191107104607.0
010 ## - LCCN (DPL NO)
LC control number ENG-126844
020 ## - INTERNATIONAL STANDARD BOOK NUMBER
Terms of availability 425.00
International Standard Book Number 9789353166021
035 ## - SYSTEM CONTROL NUMBER
System control number EN-110376
037 ## - SOURCE OF ACQUISITION
Source of stock number/acquisition DBAD/PUB
082 ## - DEWEY DECIMAL CLASSIFICATION NUMBER
Classification number 535.0
100 ## - MAIN ENTRY--PERSONAL NAME
Personal name Bahety, Sanjay K.
245 ## - TITLE STATEMENT
Title Electricity and magnetism for JEE main and advanced /
Statement of responsibility, etc by Sanjay Agrawal
260 ## - PUBLICATION, DISTRIBUTION, ETC. (IMPRINT)
Place of publication, distribution, etc Delhi
Name of publisher, distributor, etc MCGraw Hill Education
Date of publication, distribution, etc 2019
270 ## - ADDRESS
Address 444/1, Sri Ekambara Naicker Industrial Estate, Chennai
Postal code 600116
300 ## - PHYSICAL DESCRIPTION
Extent various paging
Dimensions 27cm(pbk)
942 ## - ADDED ENTRY ELEMENTS (KOHA)
Source of classification or shelving scheme Dewey Decimal Classification
Item type English Books
Classification part 375.00
Call number suffix AGR

No items available.


© Delhi Public Library
Hit Counter
free hit counter